[Event "Figueira da Foz op 10th"]
[Site "Figueira da Foz"]
[Date "2016.11.01"]
[Round "4"]
[White "Fernandes, Miguel A Murtinho"]
[Black "Bouxo, Luis Antonio Maxim"]
[Result "1-0"]
[WhiteElo "1990"]
[BlackElo "1597"]
[PlyCount "123"]
[EventDate "2016.10.30"]
[EventType "swiss"]
[EventRounds "9"]
[EventCountry "POR"]
[SourceTitle "CBM 175 Extra"]
[Source "ChessBase"]
[SourceDate "2016.12.12"]
[SourceVersion "1"]
[SourceVersionDate "2016.12.12"]
[SourceQuality "1"]

1. d4 e6 2. c4 d5 3. Nc3 Nf6 4. Bg5 Be7 5. e3 c6 6. Qc2 Nbd7 7. Nf3 0-0 8. Rd1 a6 9. a3 b5 10. c5 Re8 11. Bd3 g6 12. b4 Nh5 13. Bxe7 Qxe7 14. 0-0 f5 15. Ne5 Nxe5 16. dxe5 a5 17. f4 a4 18. Ne2 Bd7 19. Nd4 Rac8 20. g3 Kh8 21. Kf2 Rg8 22. Ke2 g5 23. Kd2 gxf4 24. exf4 Rcf8 25. Kc1 Qe8 26. Qf2 Ng7 27. Rh1 h5 28. h3 Qg6 29. Rdg1 Qh6 30. Kb2 Ne8 31. Ne2 Rg7 32. g4 h4 33. g5 Qh7 34. Nd4 Qh5 35. Be2 Qh7 36. Nf3 Nc7 37. Nxh4 d4 38. Nf3 d3 39. Bxd3 Nd5 40. Nd4 Qg6 41. h4 Rh7 42. Be2 Rg8 43. h5 Qe8 44. h6 Ne7 45. Bh5 Ng6 46. Bxg6 Rxg6 47. Rh3 Qc8 48. Rd3 Be8 49. Rgd1 Rg8 50. Nf3 Bh5 51. Rd6 Re7 52. R1d3 Bxf3 53. Qxf3 Rc7 54. Qh5 Kh7 55. Qd1 Re7 56. Rd7 Rxd7 57. Rxd7+ Kh8 58. Qd6 Re8 59. Rc7 Qd8 60. Qd7 Qxd7 61. Rxd7 Kg8 62. g6 1-0

[Event "Gibraltar Masters 13th"]
[Site "Caleta"]
[Date "2015.01.29"]
[Round "3"]
[White "Bouxo, Luis Antonio Maxim"]
[Black "Nwoye, Nnamdi"]
[Result "0-1"]
[WhiteElo "1711"]
[BlackElo "2015"]
[PlyCount "40"]
[EventDate "2015.01.27"]
[EventType "swiss"]
[EventRounds "10"]
[EventCountry "GGB"]
[SourceTitle "CBM 165"]
[Source "ChessBase"]
[SourceDate "2015.03.11"]
[SourceVersion "1"]
[SourceVersionDate "2015.03.11"]
[SourceQuality "1"]

1. d4 Nf6 2. c4 e6 3. Nc3 Bb4 4. Qc2 Nc6 5. Nf3 d6 6. Bg5 h6 7. Bd2 0-0 8. e3 Qe7 9. a3 Bxc3 10. Bxc3 a5 11. Be2 a4 12. Nd2 e5 13. d5 Nb8 14. Nf3 Bg4 15. 0-0-0 Nbd7 16. h3 Bh5 17. e4 Bg6 18. Nd2 Nc5 19. f3 c6 20. Nb1 Nb3+ 0-1